| 000 -LEADER |
| fixed length control field |
01519pab a2200169 454500 |
| 008 - FIXED-LENGTH DATA ELEMENTS--GENERAL INFORMATION |
| fixed length control field |
180718b2012 xxu||||| |||| 00| 0 eng d |
| 100 ## - MAIN ENTRY--PERSONAL NAME |
| Personal name |
Beeri, Itai |
| 245 ## - TITLE STATEMENT |
| Title |
Turnaround management strategies in public systems: The impact on group-level organizational citizenship behavior |
| 260 ## - PUBLICATION, DISTRIBUTION, ETC. |
| Date of publication, distribution, etc. |
2012 |
| 300 ## - PHYSICAL DESCRIPTION |
| Extent |
p.158-179. |
| 362 ## - DATES OF PUBLICATION AND/OR SEQUENTIAL DESIGNATION |
| Dates of publication and/or sequential designation |
Mar |
| 520 ## - SUMMARY, ETC. |
| Summary, etc. |
The use of Turnaround Management Strategies (TMS) in public administration has received growing interest among both researchers and practitioners who deal with public performance. However, our theoretical and empirical knowledge about TMS suffers from significant lacunae. This research presents result from a unique empirical survey that tests the effect of TMS on group-level Organizational Citizenship Behavior. One hundred and twenty-six senior leaders of English local authorities participated in the study. The findings show that local authorities that implemented repositioning and reorganization at the organizational level to a high extent experienced high levels of group-level Organizational Citizenship Behavior, while high implementation of reorganization at the personnel level was linked to low group-level Organizational Citizenship Behavior. Group-level Organizational Citizenship Behavior was indifferent to retrenchment strategies. Implications and suggestions for future studies are discussed. - Reproduced. |
| 650 ## - SUBJECT ADDED ENTRY--TOPICAL TERM |
| Topical term or geographic name entry element |
Public administration |
| 773 ## - HOST ITEM ENTRY |
| Main entry heading |
International Review of Administrative Sciences |
| 908 ## - PUT COMMAND PARAMETER (RLIN) |
| Put command parameter |
N |
| 909 ## - |
| -- |
95832 |